000 00360 a2200157 4500
001 46655
020 _a9788561521875
040 _cAnchieta - Aquarius
100 _aOrthof, Sylvia
240 1 0 _aUma história de telhados
_lpor
245 1 0 _aUma história de telhados
300 _a
362 0 _a2012
650 4 _aLiteratura infanto-juvenil
942 _cBK
999 _c46655
_d46655